000 00626nam a22001457a 4500
020 _a978-0-670-09178-2
082 _a823
_bCOE/H
100 _aCOELHO, PAULO
245 _aHIPPIE
260 _aUNITED STATES
_bVIKING
_c2018
300 _a284
520 _aIn Hippie, his most autobiographical novel to date, Paulo Coelho takes us back in time to re-live the dream of a generation that longed for peace and dared to challenge the established social order-authoritarian politics, conservative modes of behavior, excessive consumerism, and an unbalanced concentration of wealth ...
650 _aNOVEL
_zUNITED STATES
942 _cBK
999 _c2956
_d2956